Dr. Seuss Filmography (Movies)! - Statistics

General Stats
  • This quiz has been taken 56 times
    19 since last reset
  • The average score is 7 of 17
Answer Stats
Year Movie % Correct
1966 How the Grinch Stole Christmas!
100%
2000 How the Grinch Stole Christmas
100%
2003 The Cat in the Hat
100%
2026 The Cat in the Hat
100%
2018 The Grinch
93%
2012 The Lorax
93%
2008 Horton Hears A Who!
71%
1953 The 5, 000 Fingers of Dr. T.
14%
1994 In Search of Dr Seuss
7%
1977 Capricorn One
0%
1989 Cousins
0%
2020 Dr. Seuss' the Grinch Musical
0%
2013 Grand Piano
0%
1990 Home Alone
0%
2028 Oh, the Places You'll Go!
0%
1957 The Big Fun Carnival
0%
2027 Thing One & Thing Two
0%
No matching quizzes found
Score Distribution
Percent of People with Each Score
Percentile by Number Answered
Your Score History
You have not taken this quiz since the last reset